Measuring trade in services : March 2006.

Bibliographic Details
Format: Book
Published: [S.l]: World trade Organization, 2006.
Subjects:
LEADER 00481cam a2200157 7i4500
001 0000019648
005 20070725090000.0
090 0 0 |a SR 343.13   |b MEA 
245 0 0 |a Measuring trade in services :   |b March 2006. 
260 0 0 |a [S.l]:   |b World trade Organization,   |c 2006. 
300 # # |a 54 p. 
650 0 0 |a Statistics  
650 0 0 |a Services  
650 0 0 |a Trade services  
999 |a 0000020216  |b Book  |c Services  |e Business Information Centre 
999 |a 0000020215  |b Book  |c Services  |e Business Information Centre